[Event "SVK-ch U10"]
[Site "Liptovsky Mikulas"]
[Date "2007.04.23"]
[Round "3"]
[White "Nemeckay, Dominik"]
[Black "Zdravecky, Michal"]
[Result "1-0"]
[WhiteElo "1350"]
[BlackElo "1365"]
[PlyCount "27"]
[EventDate "2007.04.22"]
[EventType "swiss"]
[EventRounds "9"]
[EventCountry "SVK"]
[SourceTitle "EXT 2008"]
[Source "ChessBase"]
[SourceDate "2007.11.25"]
[SourceVersion "1"]
[SourceVersionDate "2007.11.25"]
[SourceQuality "1"]

1. e4 e5 2. Nf3 Nc6 3. Bc4 Nf6 4. Nc3 Bc5 5. d3 Bb4 6. Bd2 d6 7. h3 Bxc3 8. Bxc3 a6 9. d4 exd4 10. Nxd4 Nxd4 11. Qxd4 c5 12. Qd1 Nxe4 13. Qd5 Nf6 14. Qxf7# 1-0